[Event "Portugal op Rapid"]
[Site "Lisboa POR"]
[Date "2018.02.10"]
[Round "2.6"]
[White "Spraggett, Kevin"]
[Black "Kersten, Julian"]
[Result "1-0"]
[WhiteElo "2535"]
[BlackElo "2032"]
[PlyCount "81"]
[EventDate "2018.02.10"]
[EventType "swiss (rapid)"]
[EventRounds "8"]
[EventCountry "POR"]
[Source "Chess Mix"]
[SourceDate "2018.02.20"]

1. e4 e6 2. d4 d5 3. exd5 exd5 4. Nf3 Bd6 5. Bd3 Ne7 6. O-O O-O 7. c3 Bf5 8.
Bxf5 Nxf5 9. Qb3 b6 10. Bg5 Qd7 11. Nbd2 c5 12. dxc5 bxc5 13. Rad1 Nc6 14. Qc2
d4 15. Ne4 Nce7 16. Nxd6 Qxd6 17. Bxe7 Nxe7 18. cxd4 cxd4 19. Rxd4 Qb6 20. b3
Rac8 21. Qe4 Ng6 22. h4 Rfe8 23. Qd3 Red8 24. Rd1 Rxd4 25. Qxd4 Qxd4 26. Rxd4
Rc1+ 27. Kh2 Rc2 28. Rd8+ Nf8 29. Ne5 Rc7 30. Nc4 f6 31. Kg3 Kf7 32. Kf3 Ne6
33. Rd5 Nc5 34. g3 Ke6 35. Rd6+ Ke7 36. Rd2 a5 37. Nxa5 Rc8 38. Rc2 Rc7 39. b4
Na6 40. Rxc7+ Nxc7 41. Ke4 1-0

[Event "Portugal op Rapid"]
[Site "Lisboa POR"]
[Date "2018.02.10"]
[Round "3.6"]
[White "Sousa, Andre Ventura"]
[Black "Spraggett, Kevin"]
[Result "0-1"]
[WhiteElo "2405"]
[BlackElo "2535"]
[PlyCount "90"]
[EventDate "2018.02.10"]
[EventType "swiss (rapid)"]
[EventRounds "8"]
[EventCountry "POR"]
[Source "Chess Mix"]
[SourceDate "2018.02.20"]

1. e4 c6 2. d4 d5 3. e5 Bf5 4. Nf3 e6 5. Be2 Ne7 6. O-O h6 7. Nbd2 Nd7 8. Nb3
Qc7 9. Bd2 a5 10. a4 g5 11. h4 g4 12. Ne1 h5 13. Nd3 Ng6 14. g3 f6 15. f3 fxe5
16. fxg4 hxg4 17. Bxg4 e4 18. Nf4 Nxf4 19. Bxf4 Bd6 20. Bg5 Bxg3 21. Bh5+ Kf8
22. Qg4 Nf6 23. Rxf5 exf5 24. Qxf5 Rxh5 25. Rf1 Qf7 26. Qh3 Bxh4 27. Bxh4 Qg6+
28. Kh2 Rxh4 29. Qxh4 Kf7 30. Nc5 Rg8 31. Qh3 Qg4 32. Qxg4 Rxg4 33. Nd7 Rh4+
34. Kg3 Rh6 35. c4 Ke7 36. Ne5 Ke6 37. cxd5+ Kxd5 38. Nf7 Nh5+ 39. Kg4 Rf6 40.
Rxf6 Nxf6+ 41. Kf5 e3 42. Ne5 Ne4 43. Kf4 e2 44. Nf3 Nd2 45. Ne1 Kxd4 0-1

[Event "Portugal op Rapid"]
[Site "Lisboa POR"]
[Date "2018.02.10"]
[Round "4.5"]
[White "Spraggett, Kevin"]
[Black "Kaczur, Florian"]
[Result "0-1"]
[WhiteElo "2535"]
[BlackElo "2459"]
[PlyCount "94"]
[EventDate "2018.02.10"]
[EventType "swiss (rapid)"]
[EventRounds "8"]
[EventCountry "POR"]
[Source "Chess Mix"]
[SourceDate "2018.02.20"]

1. e4 e5 2. Nf3 Nc6 3. Bb5 a6 4. Ba4 Nf6 5. O-O b5 6. Bb3 Bc5 7. d3 h6 8. Be3
d6 9. c3 O-O 10. Nbd2 Rb8 11. Qe2 Ng4 12. Bxc5 dxc5 13. Rad1 Nf6 14. Rfe1 Be6
15. Bxe6 fxe6 16. Nb3 Qe7 17. d4 exd4 18. cxd4 cxd4 19. Nbxd4 Nxd4 20. Nxd4 Rb6
21. e5 Nd5 22. Qg4 Rd8 23. h4 c5 24. Nf3 Rf8 25. g3 Rbb8 26. Nd2 Rf5 27. f4
Rbf8 28. Ne4 c4 29. Nd6 Qa7+ 30. Kh1 Ne3 31. Rxe3 Qxe3 32. Rg1 Rd8 33. Qg6 Rxd6
34. exd6 Rd5 35. d7 Rd2 36. Rg2 Qe1+ 37. Kh2 Rxg2+ 38. Kxg2 Qd2+ 39. Kh3 Qxd7
40. Kh2 Qd2+ 41. Kh3 Qd7 42. Kh2 b4 43. Qe4 Qd2+ 44. Kh3 Qd5 45. Qe3 Qc6 46.
Qd2 Qh1+ 47. Kg4 Qd5 0-1

[Event "Portugal op Rapid"]
[Site "Lisboa POR"]
[Date "2018.02.10"]
[Round "5.8"]
[White "Nayhebaver, Martin"]
[Black "Spraggett, Kevin"]
[Result "1/2-1/2"]
[WhiteElo "2456"]
[BlackElo "2535"]
[PlyCount "144"]
[EventDate "2018.02.10"]
[EventType "swiss (rapid)"]
[EventRounds "8"]
[EventCountry "POR"]
[Source "Chess Mix"]
[SourceDate "2018.02.20"]

1. e4 c6 2. Nc3 d5 3. Nf3 dxe4 4. Nxe4 Nf6 5. Qe2 Bf5 6. Nxf6+ gxf6 7. d4 e6 8.
g3 Nd7 9. Nh4 Bg6 10. Bg2 Bd6 11. O-O O-O 12. b3 Qc7 13. Bb2 Rfe8 14. f4 f5 15.
c4 Bf8 16. Rac1 Bg7 17. Qf2 Nf6 18. Kh1 Rad8 19. h3 Rd7 20. Rfe1 Red8 21. d5
exd5 22. cxd5 Nxd5 23. Bxg7 Kxg7 24. Qxa7 Nf6 25. Qc5 Rd3 26. Kh2 Nd5 27. Re5
Qd7 28. Rce1 Rd2 29. R1e2 Rxe2 30. Rxe2 Qd6 31. Qxd6 Rxd6 32. Rd2 f6 33. Bxd5
Kf8 34. Nf3 cxd5 35. Nd4 Ke7 36. Rc2 Kd7 37. Rc5 Ra6 38. a4 Kd6 39. Rc8 Kd7 40.
Rc5 Bf7 41. Kg2 Rb6 42. Kf2 Be6 43. Ke3 Ra6 44. Rb5 Kc7 45. Kd3 Bf7 46. Rc5+
Kd7 47. Rb5 Kc7 48. Kc3 Ra8 49. Nxf5 Re8 50. Rc5+ Kd7 51. Kd2 Re4 52. Rb5 Kc6
53. Kd3 Re1 54. Nd4+ Kc7 55. Rc5+ Kd6 56. Rc3 Bg6+ 57. Kd2 Rh1 58. Nb5+ Kd7 59.
g4 Be4 60. Rc7+ Kd8 61. Rxb7 Rxh3 62. Nd6 Rh2+ 63. Ke3 Bh1 64. Kd4 Rd2+ 65. Kc3
Rh2 66. Rf7 d4+ 67. Kxd4 Rd2+ 68. Kc5 Rd5+ 69. Kc6 Rd3+ 70. Kc5 Rd5+ 71. Kc6
Rd3+ 72. Kc5 Rd5+ 1/2-1/2

[Event "Portugal op Rapid"]
[Site "Lisboa POR"]
[Date "2018.02.10"]
[Round "6.17"]
[White "Spraggett, Kevin"]
[Black "Blum, Gernot"]
[Result "1-0"]
[WhiteElo "2535"]
[BlackElo "2028"]
[PlyCount "63"]
[EventDate "2018.02.10"]
[EventType "swiss (rapid)"]
[EventRounds "8"]
[EventCountry "POR"]
[Source "Chess Mix"]
[SourceDate "2018.02.20"]

1. e4 c5 2. Nf3 g6 3. d4 cxd4 4. Nxd4 Nc6 5. c4 Nf6 6. Nc3 d6 7. Be2 Nxd4 8.
Qxd4 Bg7 9. Be3 O-O 10. Qd2 Be6 11. Rc1 Qa5 12. f3 Rfc8 13. b3 a6 14. Na4 Qxd2+
15. Kxd2 Nd7 16. g4 Rab8 17. Nc3 Bxc3+ 18. Rxc3 b5 19. cxb5 Rxc3 20. Kxc3 axb5
21. Kb2 b4 22. Rc1 f5 23. exf5 gxf5 24. h3 Kf7 25. Rc7 Nb6 26. Ra7 Nd5 27. Bd2
fxg4 28. hxg4 Kf6 29. Bd3 Ke5 30. Bh6 Kd4 31. Bxh7 Rc8 32. Be4 1-0

[Event "Portugal op Rapid"]
[Site "Lisboa POR"]
[Date "2018.02.10"]
[Round "7.11"]
[White "Wempe, Juergen"]
[Black "Spraggett, Kevin"]
[Result "0-1"]
[WhiteElo "2159"]
[BlackElo "2535"]
[PlyCount "111"]
[EventDate "2018.02.10"]
[EventType "swiss (rapid)"]
[EventRounds "8"]
[EventCountry "POR"]
[Source "Chess Mix"]
[SourceDate "2018.02.20"]

1. d4 Nf6 2. Nf3 b6 3. Bf4 Bb7 4. e3 g6 5. Nbd2 Bg7 6. Be2 O-O 7. h3 c5 8. c3
d6 9. Qb1 Nbd7 10. O-O Qc7 11. Rd1 Rac8 12. Bh2 Rfe8 13. a4 a6 14. Bc4 Qc6 15.
Qd3 Ra8 16. Ra3 e5 17. d5 Qc7 18. e4 Nh5 19. Qf1 Nf4 20. g3 Nh5 21. Be2 Nhf6
22. Nh4 Re7 23. Qg2 Rae8 24. Nc4 Kh8 25. g4 Bc8 26. Bd3 Ng8 27. Ne3 f6 28. Qf1
Nb8 29. Qg2 Nh6 30. Qf3 Nf7 31. Nhg2 Kg8 32. Raa1 Rf8 33. Qg3 Bh6 34. h4 Kh8
35. Kf1 Bd7 36. Ke2 b5 37. axb5 axb5 38. f3 c4 39. Bc2 Bc8 40. Bg1 Na6 41. Bf2
Nc5 42. Rh1 Qb6 43. g5 fxg5 44. hxg5 Bxg5 45. Nh4 Rg8 46. Qh2 h6 47. Ng4 Bxg4
48. fxg4 b4 49. Nf3 Bf4 50. Qh4 g5 51. Qh5 bxc3 52. Rhb1 cxb2 53. Ra2 c3 54.
Kf1 Qb5+ 55. Kg2 Qe2 56. Raa1 0-1

[Event "Portugal op Rapid"]
[Site "Lisboa POR"]
[Date "2018.02.10"]
[Round "8.6"]
[White "Spraggett, Kevin"]
[Black "Savanovic, Aleksandar"]
[Result "1-0"]
[WhiteElo "2535"]
[BlackElo "2448"]
[PlyCount "105"]
[EventDate "2018.02.10"]
[EventType "swiss (rapid)"]
[EventRounds "8"]
[EventCountry "POR"]
[Source "Chess Mix"]
[SourceDate "2018.02.20"]

1. c4 e6 2. Nf3 d5 3. e3 Nf6 4. Nc3 Be7 5. b3 O-O 6. Bb2 b6 7. d4 Bb7 8. Bd3
Nbd7 9. O-O c5 10. Qe2 cxd4 11. exd4 Re8 12. Rfd1 Rc8 13. Rac1 Bf8 14. h3 g6
15. Qe3 Qe7 16. Ne5 dxc4 17. bxc4 a6 18. f4 Red8 19. Rb1 b5 20. c5 Nd5 21. Nxd5
Bxd5 22. a3 Nxe5 23. fxe5 Qh4 24. Qf2 Qxf2+ 25. Kxf2 Bc6 26. Bc3 Rb8 27. Be2
Be7 28. Bf3 Bxf3 29. Kxf3 f6 30. exf6 Bxf6 31. Ke4 Kf7 32. Rf1 Rd5 33. Rf3 Ke7
34. Rbf1 Rf5 35. g4 Rxf3 36. Rxf3 Bg7 37. d5 exd5+ 38. Kxd5 Bxc3 39. Rxc3 a5
40. Kc6 b4 41. axb4 axb4 42. Rb3 Ke6 43. Kc7 Rb5 44. c6 Kd5 45. Rb1 Kd4 46.
Rd1+ Ke3 47. Kd7 Ke2 48. Rb1 Rd5+ 49. Ke6 Rc5 50. Kd6 Rc4 51. c7 h5 52. g5 Kf2
53. Rxb4 1-0

[Event "Portuguese Cup 2017-18"]
[Site "POR"]
[Date "2018.06.09"]
[Round "4.3"]
[White "Spraggett, Kevin"]
[Black "Silva, Luis"]
[Result "1/2-1/2"]
[WhiteElo "2528"]
[BlackElo "2339"]
[PlyCount "115"]
[EventDate "2017.12.16"]
[EventType "team"]
[EventRounds "6"]
[EventCountry "POR"]
[Source "Mark Crowther"]
[SourceDate "2018.06.11"]
[WhiteTeam "AXPortugal/Atlatidiagonal_A"]
[BlackTeam "CX A2D_A"]

1. Nf3 Nf6 2. b3 d5 3. Bb2 e6 4. e3 Be7 5. d4 O-O 6. Nbd2 c5 7. Bd3 Nc6 8. O-O
b6 9. c4 cxd4 10. exd4 Bb7 11. Qe2 Rc8 12. Rac1 Re8 13. Rfd1 Bf8 14. h3 g6 15.
Qe3 Bg7 16. Nf1 Nb4 17. Bb1 Ne4 18. a3 Na6 19. N1h2 f5 20. Ba2 Nb8 21. Ne5 Qh4
22. Nhf3 Qh5 23. Qe1 g5 24. Nh2 Rf8 25. f3 Nf6 26. c5 Qe8 27. b4 h5 28. Rc2
Nfd7 29. Nxd7 Qxd7 30. Re2 Rce8 31. Qd2 Ba6 32. Ree1 Bf6 33. Rc1 b5 34. g4 f4
35. gxh5 Qh7 36. c6 Qxh5 37. c7 Nd7 38. Rc6 Bc8 39. Rcxe6 Rxe6 40. Bxd5 Nb6 41.
Bxe6+ Bxe6 42. Rxe6 Qxh3 43. c8=Q Nxc8 44. d5 Qf5 45. Rxf6 Rxf6 46. Ng4 Rd6 47.
Qc3 Kf7 48. Qg7+ Ke8 49. Be5 Qb1+ 50. Kg2 Qa2+ 51. Nf2 Qxd5 52. Bxd6 Nxd6 53.
Ng4 Qa2+ 54. Kh3 Nf7 55. Nf6+ Ke7 56. Ng8+ Ke8 57. Nf6+ Ke7 58. Ng8+ 1/2-1/2

[Event "Figueira da Foz op"]
[Site "Figueira da Foz POR"]
[Date "2017.10.29"]
[Round "1.1"]
[White "Spraggett, Kevin"]
[Black "Richard, Emma"]
[Result "1-0"]
[WhiteElo "2530"]
[BlackElo "2086"]
[PlyCount "95"]
[EventDate "2017.10.29"]
[EventType "swiss"]
[EventRounds "9"]
[EventCountry "POR"]
[Source "Chess Mix"]
[SourceDate "2017.11.10"]

1. e4 c5 2. Nf3 Nc6 3. d4 cxd4 4. Nxd4 e5 5. Nb5 d6 6. c4 Be7 7. N1c3 a6 8. Na3
f5 9. exf5 Bxf5 10. Bd3 Be6 11. O-O Nf6 12. Nc2 O-O 13. b3 Rc8 14. Bb2 Qe8 15.
Ne3 Nh5 16. Ned5 Nf4 17. Nxf4 Rxf4 18. Be4 Kh8 19. g3 Rg4 20. f3 Rg5 21. Nd5
Bd8 22. Rc1 Ne7 23. Qd2 Rh5 24. Nxe7 Qxe7 25. Kh1 Bb6 26. Rcd1 Rd8 27. Qe2 Bh3
28. Rfe1 Ba5 29. Rg1 Bb6 30. g4 Bxg1 31. Rxg1 Rh4 32. Bc1 Rf8 33. Be3 h5 34.
Qd2 hxg4 35. Bg5 Qf7 36. Bxh4 gxf3 37. Bf2 Bg2+ 38. Rxg2 fxg2+ 39. Kxg2 b5 40.
Qe3 Qh5 41. h3 bxc4 42. bxc4 Qf7 43. Qe2 Rc8 44. Qg4 Qxc4 45. Qg6 Kg8 46. Bf5
Qc6+ 47. Kh2 Qf3 48. Qe6+ 1-0

[Event "Figueira da Foz op"]
[Site "Figueira da Foz POR"]
[Date "2017.10.30"]
[Round "2.1"]
[White "Elissalt Cardenas, Hector"]
[Black "Spraggett, Kevin"]
[Result "1/2-1/2"]
[WhiteElo "2324"]
[BlackElo "2530"]
[PlyCount "56"]
[EventDate "2017.10.29"]
[EventType "swiss"]
[EventRounds "9"]
[EventCountry "POR"]
[Source "Chess Mix"]
[SourceDate "2017.11.10"]

1. d4 f5 2. g3 Nf6 3. Bg2 e6 4. c4 d5 5. Nf3 c6 6. O-O Bd6 7. b3 Qe7 8. a4 a5
9. Ba3 Bxa3 10. Nxa3 O-O 11. Nc2 Nbd7 12. Nce1 b6 13. Nd3 Bb7 14. Nfe5 Nxe5 15.
Nxe5 c5 16. e3 Rfd8 17. Re1 Rac8 18. Qd2 dxc4 19. Bxb7 Qxb7 20. bxc4 Nd7 21.
Nxd7 Rxd7 22. Qb2 Qc6 23. dxc5 Qxc5 24. Red1 Rcd8 25. Rxd7 Rxd7 26. Qb5 Qxb5
27. cxb5 Rc7 28. Rd1 Rc4 1/2-1/2

[Event "Figueira da Foz op"]
[Site "Figueira da Foz POR"]
[Date "2017.10.31"]
[Round "3.5"]
[White "Spraggett, Kevin"]
[Black "Astaneh Lopez, Alex"]
[Result "1-0"]
[WhiteElo "2530"]
[BlackElo "2437"]
[PlyCount "97"]
[EventDate "2017.10.29"]
[EventType "swiss"]
[EventRounds "9"]
[EventCountry "POR"]
[Source "Chess Mix"]
[SourceDate "2017.11.10"]

1. d4 d5 2. c4 c6 3. Nf3 Nf6 4. Nc3 e6 5. e3 Nbd7 6. Bd2 Bd6 7. Rc1 O-O 8. Qc2
a6 9. Be2 dxc4 10. Bxc4 e5 11. O-O exd4 12. exd4 Nb6 13. Bb3 Nfd5 14. Rce1 g6
15. Bh6 Bf5 16. Qd2 Re8 17. Rxe8+ Qxe8 18. Re1 Qd8 19. h3 a5 20. a3 Be6 21. Ne4
Bf4 22. Bxf4 Nxf4 23. Qxf4 Bxb3 24. Nf6+ Kg7 25. Ne8+ Qxe8 26. Rxe8 Rxe8 27.
Qc7 Nc8 28. Qxb7 Bd5 29. Qd7 Kf8 30. Ne5 Ne7 31. f3 h5 32. Qc7 Nf5 33. Qxa5 Kg7
34. Qa7 Re7 35. Qc5 h4 36. Kf2 Re6 37. Nxc6 Rxc6 38. Qxd5 Rc2+ 39. Ke1 Rxb2 40.
Qe5+ Kh7 41. d5 Rb3 42. Qc7 Re3+ 43. Kd2 Re7 44. Qc5 Re5 45. Kd3 Re1 46. a4
Rd1+ 47. Ke2 Rd4 48. a5 Ng3+ 49. Ke1 1-0

[Event "Figueira da Foz op"]
[Site "Figueira da Foz POR"]
[Date "2017.11.01"]
[Round "4.2"]
[White "Taboas Rodriguez, Daniel"]
[Black "Spraggett, Kevin"]
[Result "1/2-1/2"]
[WhiteElo "2379"]
[BlackElo "2530"]
[PlyCount "83"]
[EventDate "2017.10.29"]
[EventType "swiss"]
[EventRounds "9"]
[EventCountry "POR"]
[Source "Chess Mix"]
[SourceDate "2017.11.10"]

1. d4 Nf6 2. Nf3 e6 3. c4 c5 4. d5 exd5 5. cxd5 d6 6. e4 g6 7. h3 Bg7 8. Nc3
O-O 9. Bd3 a6 10. a4 Nh5 11. O-O Nd7 12. Bg5 Bf6 13. Bh6 Re8 14. Qd2 Rb8 15.
Rfe1 Ne5 16. Be2 Nxf3+ 17. Bxf3 Ng7 18. a5 b5 19. axb6 Rxb6 20. Ra2 Rb4 21. Be2
Qb6 22. Rea1 a5 23. Qc1 Bd4 24. Bf3 f5 25. Bd2 Be5 26. Na4 Qd8 27. Bxb4 axb4
28. Qc4 fxe4 29. Bxe4 Bd4 30. Bf3 Nf5 31. Rf1 Nh4 32. Qd3 Ba6 33. Qxa6 Nxf3+
34. gxf3 Qg5+ 35. Kh1 Qf4 36. Kg2 Re5 37. h4 Rf5 38. Qe2 Re5 39. Qa6 Qxh4 40.
Qc8+ Kg7 41. Qd7+ Kg8 42. Qc8+ 1/2-1/2

[Event "Figueira da Foz op"]
[Site "Figueira da Foz POR"]
[Date "2017.11.01"]
[Round "5.2"]
[White "Spraggett, Kevin"]
[Black "Santos, Antonio Pereira"]
[Result "1-0"]
[WhiteElo "2530"]
[BlackElo "2201"]
[PlyCount "65"]
[EventDate "2017.10.29"]
[EventType "swiss"]
[EventRounds "9"]
[EventCountry "POR"]
[Source "Chess Mix"]
[SourceDate "2017.11.10"]

1. Nf3 d5 2. c4 e6 3. e3 Nf6 4. Nc3 c5 5. d4 Nc6 6. cxd5 exd5 7. Bb5 Be6 8. O-O
Be7 9. dxc5 Bxc5 10. b3 O-O 11. Bb2 Rc8 12. Rc1 Qe7 13. Be2 a6 14. Ng5 Rfd8 15.
Nxe6 fxe6 16. Na4 Ba7 17. Bd3 b5 18. Nc3 e5 19. Bf5 Rc7 20. Qf3 e4 21. Qh3 h6
22. Be6+ Kf8 23. Ne2 d4 24. Nf4 Qd6 25. Bf5 Re8 26. Ne6+ Rxe6 27. Bxe6 Re7 28.
Bc8 Ne5 29. Bxd4 Bxd4 30. exd4 Nd3 31. Rc2 Kg8 32. Qf5 Qxd4 33. Be6+ 1-0

[Event "Figueira da Foz op"]
[Site "Figueira da Foz POR"]
[Date "2017.11.02"]
[Round "6.3"]
[White "Gomez, Manuela"]
[Black "Spraggett, Kevin"]
[Result "1/2-1/2"]
[WhiteElo "2499"]
[BlackElo "2530"]
[PlyCount "167"]
[EventDate "2017.10.29"]
[EventType "swiss"]
[EventRounds "9"]
[EventCountry "POR"]
[Source "Chess Mix"]
[SourceDate "2017.11.10"]

1. c4 e5 2. g3 Nc6 3. Bg2 Bc5 4. Nc3 a6 5. e3 d6 6. a3 Ba7 7. b4 Nge7 8. Nge2
O-O 9. Bb2 Bf5 10. Nd5 Rb8 11. Rc1 b5 12. Nxe7+ Nxe7 13. d4 bxc4 14. e4 Be6 15.
dxe5 a5 16. exd6 cxd6 17. O-O axb4 18. axb4 Rxb4 19. Ba3 Rb3 20. Qxd6 Qa5 21.
Ra1 Ng6 22. Bb2 Qb6 23. Qxb6 Bxb6 24. Bd4 f6 25. Ra6 Rb8 26. Bxb6 R3xb6 27.
Rxb6 Rxb6 28. f4 Ne7 29. Nd4 Bf7 30. Rc1 g6 31. Bf1 Nc6 32. Nxc6 Rxc6 33. Kf2
c3 34. Ke3 Kf8 35. Kd4 Ke7 36. Bb5 Rc8 37. Rxc3 Rxc3 38. Kxc3 Be6 39. Kd4 h6
40. h4 Bg4 41. Ke3 Bc8 42. Bc4 Bd7 43. Kf3 Bc8 44. Bd3 Bd7 45. Bc2 Bc8 46. Ke3
Bd7 47. Kd4 Bc8 48. Kc5 Bd7 49. Bd1 Bc8 50. Bb3 Bd7 51. Bg8 Bc8 52. Bh7 g5 53.
hxg5 hxg5 54. fxg5 fxg5 55. Kd5 Be6+ 56. Ke5 Bd7 57. Bf5 Be8 58. Bh7 Bd7 59.
Bg6 Be6 60. Bf5 Bf7 61. Bc8 Bg6 62. Bb7 Bh7 63. Bd5 Bg6 64. Bg8 Kf8 65. Be6 Ke7
66. Bg4 Bh7 67. Bh5 Kf8 68. Kd5 Ke7 69. Bg4 Bg6 70. e5 Bc2 71. Kd4 Bb3 72. Be2
Bc2 73. Bd3 Bb3 74. Ke4 Be6 75. Be2 Bd7 76. Bh5 Be6 77. Bg6 Bc8 78. Bf5 Bb7+
79. Ke3 Bc6 80. Bg4 Bd5 81. Kd4 Bc6 82. Kc5 Be4 83. e6 Bg2 84. Bf5 1/2-1/2

[Event "Figueira da Foz op"]
[Site "Figueira da Foz POR"]
[Date "2017.11.03"]
[Round "7.2"]
[White "Spraggett, Kevin"]
[Black "Zelbel, Patrick"]
[Result "1/2-1/2"]
[WhiteElo "2530"]
[BlackElo "2458"]
[PlyCount "42"]
[EventDate "2017.10.29"]
[EventType "swiss"]
[EventRounds "9"]
[EventCountry "POR"]
[Source "Chess Mix"]
[SourceDate "2017.11.10"]

1. c4 c5 2. Nf3 Nc6 3. d4 cxd4 4. Nxd4 e6 5. Nc3 Bc5 6. Nb3 Bb4 7. g3 b6 8. Bg2
Ba6 9. Nd4 Nge7 10. Nxc6 Nxc6 11. Qa4 Bxc3+ 12. bxc3 Bb7 13. Ba3 Na5 14. Bxb7
Nxb7 15. O-O Qc7 16. Qb5 Nc5 17. Bxc5 Qxc5 18. Qxc5 bxc5 19. Rab1 Ke7 20. Rb5
Rhb8 21. Rfb1 Rb6 1/2-1/2

[Event "Figueira da Foz op"]
[Site "Figueira da Foz POR"]
[Date "2017.11.04"]
[Round "8.3"]
[White "Ortega, Mariano"]
[Black "Spraggett, Kevin"]
[Result "1/2-1/2"]
[WhiteElo "2443"]
[BlackElo "2530"]
[PlyCount "90"]
[EventDate "2017.10.29"]
[EventType "swiss"]
[EventRounds "9"]
[EventCountry "POR"]
[Source "Chess Mix"]
[SourceDate "2017.11.10"]

1. d4 Nf6 2. Nf3 e6 3. Bf4 c5 4. c3 d5 5. e3 Nc6 6. Nbd2 Bd6 7. Bg3 O-O 8. Bb5
Ne7 9. Bd3 Qc7 10. Qe2 Nf5 11. Bxf5 exf5 12. Bxd6 Qxd6 13. dxc5 Qxc5 14. O-O
Bd7 15. Nb3 Qc7 16. Rfd1 Rfe8 17. Qc2 f4 18. exf4 Qxf4 19. Qd2 Qc7 20. Re1 Re4
21. h3 h6 22. Re3 a5 23. Nbd4 Rae8 24. Rae1 Qb6 25. Qc2 Rxe3 26. Rxe3 Rxe3 27.
fxe3 Qc7 28. Ne2 Qc4 29. b3 Qc8 30. Qd2 Bf5 31. Ng3 Bb1 32. Kf2 Qc7 33. a3 Be4
34. Qd4 Bc2 35. b4 Be4 36. Nd2 Bc2 37. Nf3 b6 38. Qe5 Qc8 39. Qd4 a4 40. Ne5 h5
41. h4 Qc7 42. Kg1 b5 43. Ne2 Be4 44. Nf4 Qd6 45. Nf3 Bxf3 1/2-1/2

[Event "Figueira da Foz op"]
[Site "Figueira da Foz POR"]
[Date "2017.11.05"]
[Round "9.2"]
[White "Spraggett, Kevin"]
[Black "Llaneza Vega, Marcos"]
[Result "1-0"]
[WhiteElo "2530"]
[BlackElo "2416"]
[PlyCount "55"]
[EventDate "2017.10.29"]
[EventType "swiss"]
[EventRounds "9"]
[EventCountry "POR"]
[Source "Chess Mix"]
[SourceDate "2017.11.10"]

1. Nf3 Nf6 2. c4 g6 3. b3 Bg7 4. Bb2 O-O 5. g3 c5 6. Bg2 Nc6 7. O-O d6 8. d3 e5
9. Nc3 Ne8 10. e3 Nc7 11. Ne1 Be6 12. Nd5 Rb8 13. Nc2 Ne7 14. e4 Qd7 15. f4
Ncxd5 16. cxd5 Bh3 17. fxe5 dxe5 18. Bxh3 Qxh3 19. Ne3 f5 20. Qe2 Rbe8 21. Rf3
Qh5 22. Raf1 Nc8 23. Ba3 b6 24. b4 fxe4 25. dxe4 cxb4 26. Bxb4 Rxf3 27. Rxf3
Bf8 28. Ng4 1-0

[Event "Queima das Fitas op"]
[Site "Coimbra POR"]
[Date "2017.04.29"]
[Round "2.1"]
[White "Fernandes, Joao Pedro Murtinho"]
[Black "Spraggett, Kevin"]
[Result "0-1"]
[WhiteElo "1834"]
[BlackElo "2534"]
[PlyCount "66"]
[EventDate "2017.04.28"]
[EventType "swiss"]
[EventRounds "9"]
[EventCountry "POR"]
[Source "Chess Mix"]
[SourceDate "2017.05.10"]

1. e4 c6 2. d4 d5 3. e5 Bf5 4. h4 Qc7 5. Nf3 e6 6. Bd3 Bg4 7. Bf4 c5 8. O-O Nc6
9. Bb5 Nge7 10. c3 Nf5 11. Bxc6+ Qxc6 12. Nbd2 Nxh4 13. a3 Be7 14. b4 cxb4 15.
cxb4 O-O 16. Qb3 Nxf3+ 17. Nxf3 Rfc8 18. Rfd1 Qc2 19. Qxc2 Rxc2 20. Rdc1 Rxc1+
21. Rxc1 Bxf3 22. gxf3 Kf8 23. Rc7 Rb8 24. Bd2 Ke8 25. a4 Kd8 26. Rc2 Kd7 27.
b5 f6 28. f4 fxe5 29. fxe5 Rf8 30. Kg2 h5 31. a5 Rc8 32. Rxc8 Kxc8 33. Kf3 a6
0-1

[Event "Queima das Fitas op"]
[Site "Coimbra POR"]
[Date "2017.04.30"]
[Round "4.1"]
[White "Diaz, JI."]
[Black "Spraggett, Kevin"]
[Result "1/2-1/2"]
[WhiteElo "2187"]
[BlackElo "2534"]
[PlyCount "44"]
[EventDate "2017.04.28"]
[EventType "swiss"]
[EventRounds "9"]
[EventCountry "POR"]
[Source "Chess Mix"]
[SourceDate "2017.05.10"]

1. e4 g6 2. d4 d6 3. Nc3 Nf6 4. f4 Bg7 5. Nf3 O-O 6. Bd3 Nc6 7. e5 dxe5 8. fxe5
Ng4 9. Be4 f6 10. exf6 exf6 11. O-O Re8 12. Re1 Ne7 13. Bd3 Bd7 14. Bc4+ Kh8
15. Ne4 Nf5 16. h3 Nge3 17. Bxe3 Rxe4 18. Bf2 Nd6 19. Bd3 Rxe1+ 20. Bxe1 Qe7
21. Bd2 Re8 22. Qf1 Ne4 1/2-1/2

[Event "Queima das Fitas op"]
[Site "Coimbra POR"]
[Date "2017.05.01"]
[Round "6.2"]
[White "Cruz, Jorge Filipe Egas"]
[Black "Spraggett, Kevin"]
[Result "1/2-1/2"]
[WhiteElo "2059"]
[BlackElo "2534"]
[PlyCount "73"]
[EventDate "2017.04.28"]
[EventType "swiss"]
[EventRounds "9"]
[EventCountry "POR"]
[Source "Chess Mix"]
[SourceDate "2017.05.10"]

1. e4 c6 2. d4 d5 3. Nc3 dxe4 4. Nxe4 Nf6 5. Nxf6+ exf6 6. Nf3 Bd6 7. Be2 O-O
8. O-O Nd7 9. c4 Re8 10. b3 Nf8 11. Qc2 Ng6 12. Be3 Qc7 13. Rfe1 Bg4 14. h3 Be6
15. Rad1 Qd7 16. Bf1 Bf5 17. Qc1 Rad8 18. a3 Bb8 19. d5 Qc7 20. d6 Rxd6 21. Bf4
Ne5 22. Nxe5 fxe5 23. Rxe5 Rxe5 24. Bxe5 Rxd1 25. Qxd1 Qc8 26. Bxb8 Qxb8 27.
Qd4 h6 28. Bd3 Bxd3 29. Qxd3 Qe5 30. Qd8+ Kh7 31. Qd3+ g6 32. g3 Kg7 33. a4 a5
34. Kg2 h5 35. h4 Qc5 36. Kg1 Qe5 37. Kg2 1/2-1/2

[Event "Queima das Fitas op"]
[Site "Coimbra POR"]
[Date "2017.05.01"]
[Round "7.2"]
[White "Spraggett, Kevin"]
[Black "Veiga, Jose Francisco RP"]
[Result "1-0"]
[WhiteElo "2534"]
[BlackElo "2145"]
[PlyCount "47"]
[EventDate "2017.04.28"]
[EventType "swiss"]
[EventRounds "9"]
[EventCountry "POR"]
[Source "Chess Mix"]
[SourceDate "2017.05.10"]

1. e4 c5 2. Nf3 Nc6 3. d4 cxd4 4. Nxd4 g6 5. Nc3 Bg7 6. Nde2 Nf6 7. g3 O-O 8.
Bg2 d6 9. O-O a6 10. h3 Qc7 11. Bg5 Be6 12. Nd5 Bxd5 13. exd5 Ne5 14. b3 b5 15.
c3 Rac8 16. Rc1 Rfe8 17. Qd2 Qa5 18. Be3 Ned7 19. Nd4 Qc7 20. c4 bxc4 21. Rxc4
Qb7 22. Nc6 Ne5 23. Rb4 Qa8 24. Nxe5 1-0

[Event "Gibraltar Masters"]
[Site "Gibraltar ENG"]
[Date "2017.02.01"]
[Round "9.37"]
[White "Spraggett, Kevin"]
[Black "Vega Gutierrez, Sabrina"]
[Result "1/2-1/2"]
[WhiteElo "2542"]
[BlackElo "2406"]
[PlyCount "155"]
[EventDate "2017.01.24"]
[EventType "swiss"]
[EventRounds "9"]
[EventCountry "ENG"]
[Source "Chess Mix"]
[SourceDate "2017.02.10"]

1. d4 d5 2. c4 e6 3. Nc3 c6 4. e3 f5 5. f4 Nf6 6. Nf3 Be7 7. Be2 O-O 8. O-O b6
9. Bd2 Ne4 10. Rc1 Nd7 11. cxd5 exd5 12. Be1 Bb7 13. Qb3 a5 14. a4 Kh8 15. Ne5
Nxe5 16. fxe5 Ng5 17. Bd3 g6 18. Ne2 Ne6 19. Nf4 Nxf4 20. exf4 Ra7 21. Bf2 Bb4
22. Qd1 Qe8 23. Qe2 Bc8 24. Rc2 Qe6 25. h3 Bd7 26. Kh2 Rc7 27. b3 Rcc8 28. Rd1
Rc7 29. Bh4 Kg8 30. Bg5 Kg7 31. Bh4 Kg8 32. Qf3 Rcc8 33. Be2 Be7 34. Bf2 Kh8
35. Qd3 Ra8 36. Be3 Bb4 37. Rg1 Qe7 38. Bf3 g5 39. g3 g4 40. Bd1 h5 41. Rh1 Kg7
42. Kg1 Rh8 43. hxg4 hxg4 44. Rch2 Rxh2 45. Rxh2 Rh8 46. Rxh8 Kxh8 47. Qa6 Qd8
48. Qb7 Kg8 49. Bc2 Be7 50. Bd2 Kf8 51. Kf2 Kg8 52. Ke2 Kf8 53. Kd1 Ke8 54. Kc1
Ba3+ 55. Kb1 Kf8 56. Ka2 Bb4 57. Bxb4+ axb4 58. Kb2 Kg8 59. Kb1 Kf8 60. Qa6 Kg7
61. Qb7 Kf8 62. Kc1 Kg8 63. Kd2 Kf8 64. e6 Bxe6 65. Qxc6 Ke7 66. Qb5 Qd6 67.
Bd1 Bd7 68. Qe2+ Kd8 69. Qe5 Qc6 70. Qe3 Qc7 71. Bc2 Qc6 72. Kd1 Qh6 73. Qe1
Qd6 74. Bd3 Qe7 75. Qe5 Qe6 76. Qb8+ Ke7 77. Qh8 Qf6 78. Qxf6+ 1/2-1/2